| 000 | 00991nas a2200313 4500 | ||
|---|---|---|---|
| 001 | BR2019000587 | ||
| 003 | BR-BrBNA | ||
| 005 | 20231205131620.0 | ||
| 007 | ta | ||
| 008 | 230509b bl.|||p| |||| 00| 00por d | ||
| 040 |
_aBR-BrBNA _bpor _cBiblioteca Nacional de Agricultura |
||
| 041 | _a(Pt) | ||
| 072 | _aE80; E14 | ||
| 100 | 1 | _aAlmeida, C.M.V.C. de | |
| 100 | 1 | _aRosa Neto, C. | |
| 100 | 1 | _aLima, A. de A. | |
| 100 | 1 | _aSouza, T.C. de | |
| 100 | 1 | _aAraújo, L.V. de | |
| 245 | 1 | _aDiversificação de atividades agropecuárias como alternativas de sustentabilidade para o pequeno produtor rural | |
| 650 | _aAGRICULTURA FAMILIAR | ||
| 650 | _aPEQUENO PRODUTOR | ||
| 650 | _aUSO DA TERRA | ||
| 650 | _aINOVAÇÃO | ||
| 650 | _aDESENVOLVIMENTO RURAL | ||
| 773 | 0 |
_tAgrotrópica (Brazil) _xISSN 0103-3816 _g(Jan-Apr 2018), v. 30(1) p. 25-38 _wBR2019000587 |
|
| 856 | 4 | 0 | _dLink DSPACE/MAPA BR2019000587 |
| 909 |
_a202311 _bLúcia _c55 _dLúcia Elande |
||
| 942 |
_2AGRIS _n0 _cANA |
||
| 999 |
_c255737 _d255737 |
||